| 000 | 00456nam a22001457a 4500 | ||
|---|---|---|---|
| 020 | _a0 19 579603 9 | ||
| 082 |
_a948.5 _bDUR _cL-40, p73 |
||
| 100 |
_aDurani, Muhammad Ali _946272 |
||
| 245 |
_aIndia & Pakistan the cost of conflict and the benefits of peace _cDurani, Muhammad Ali |
||
| 260 |
_aKarachi: _bOxford Uni Press. _c2001. |
||
| 300 |
_a96p.: _bill,; _c18 cm |
||
| 526 |
_a0 _b0 _c0 _d948_500000000000000_DUR |
||
| 650 |
_aMCE _9379 |
||
| 942 |
_2ddc _cBK |
||
| 999 |
_c549638 _d549638 |
||